Statistics for List of ethnic groups recognized by the Myanmar government.

Click here to take the quiz!

General Stats

  • This quiz has been taken 17 times
  • The average score is 13 of 135

Answer Stats

StateEthnic Group% Correct
ChinChin
60%
KachinKachin
53%
MonMon
53%
ShanShan
40%
RakhineRakhine
40%
KayahKayah
33%
BamarBamar
33%
KayinKayin
33%
ShanEng
20%
ChinDai
20%
ChinZo
20%
ShanWa
20%
KachinLisu
20%
ShanPalaung
13%
ChinTiddim
13%
KachinRawang
13%
ChinAsho
13%
ShanPa-O
13%
ChinLai
13%
ShanYao
13%
RakhineKwe Myi
7%
RakhineKamein
7%
RakhineDaingnet
7%
RakhineMaramagyi
7%
KachinGuari
7%
KachinHkahku
7%
BamarHpon
7%
BamarSalone
7%
BamarGanan
7%
BamarKadu
7%
KachinJinghpaw
7%
BamarYabein
7%
BamarYaw
7%
BamarBeik
7%
BamarDawei
7%
KachinDuleng
7%
ChinRongtu
7%
ChinLhinbu
7%
ChinOo-Pu
7%
ChinAnun
7%
ChinAnu
7%
ChinHaulngo
7%
Chin | RakhineMro
7%
RakhineThet
7%
ShanPyin
7%
ShanYun
7%
ShanYin Net
7%
ShanMaw Shan
7%
ShanMaingtha
7%
ShanTai-Lay
7%
ShanTai-Lon
7%
ShanTai-Lem
7%
ShanTai-Loi
7%
ShanEik-Swair
7%
ShanIntha
7%
ShanLahu
7%
ShanShan Gyi
7%
ShanShan Gale
7%
ShanYin Kya
7%
ShanKwi
7%
ShanMan Zi
7%
ShanDanu
7%
ShanTaungyo
7%
ShanHkun
7%
ShanKhamti Shan
7%
ShanKokant
7%
ShanKaw
7%
ShanKhamu
7%
ShanSon
7%
KachinDalaung
7%
ShanPale
7%
ShanDanaw
7%
ChinLaizao
7%
ChinLyente
7%
ChinLawhtu
7%
KayinPaku
7%
ChinKaungso
7%
ChinKhawno
7%
ChinAwa Khami
7%
ChinKhumi
7%
ChinKa-Lin-Kaw
7%
ChinSaline
7%
ChinMeithei
7%
KachinLashi
7%
KayinShu
7%
KayinMonpwa
7%
KayinMonnepwa
7%
KayinBwe
7%
KayinTa-Lay-Pwa
7%
ChinKwelshin
7%
KayinSgaw
7%
KayinMon Kayin
7%
KayinPa-Le-Chi
7%
KayinKayinpyu
7%
KachinAtsi
7%
KayahYin Baw
7%
KayahYin Talai
7%
KayahManu Manaw
7%
KayahBre
7%
KayahKebar
7%
KayahGheko
7%
KayahKa-Yun
7%
ChinKaung Saing Chin
7%
ChinKwangli
7%
KayahZayein
7%
ChinDim
7%
ChinLaymyo
7%
ChinLushei
7%
ChinMgan
7%
ChinMi-Er
7%
ChinMiram
7%
KachinTarone
7%
ChinMagun
7%
ChinPanun
7%
ChinMalin
7%
ChinTanghkul
7%
ChinNaga
7%
KachinMaru
7%
ChinTorr
7%
ChinGunte
7%
ChinThado
7%
ChinTaishon
7%
ChinTay-Zan
7%
ChinTapong
7%
ChinZahnyet
7%
ChinZo-Pe
7%
ChinZotung
7%
ChinZa-How
7%
ChinSaing Zan
7%
ChinSentang
7%
ChinSiyin
7%
ChinNgom
7%
ChinGwete
7%
ChinMatu
7%

Score Distribution

Percentile by Number Answered

Percent of People with Each Score

Your Score History

You have not taken this quiz